000 00692nam a22002537a 4500
001 BR9000690
003 BR-BrBNA
005 20230928093352.0
007 ta
008 230509b bl.||||| |||| 00| 0 por d
040 _aBR-BrBNA
_bpor
_cBiblioteca Nacional de Agricultura
041 _a(Por)
072 _aE21
_b8195
090 _ 8195 BR9000690
110 1 _aGoverno do Estado do Ceara, Fortaleza (Brasil)
_95340
245 1 _aIndustrializacao da tainha
260 3 _aFortaleza, CE (Brasil):
_c[nd].
300 _a30 p.
500 _a10 tables; Published after 1980
650 _aTAINHA
650 _aINDUSTRIA ALIMENTICIA
909 _a202309
_bLucia
_c55
_dLucia Elande
942 _cBK
999 _c44593
_d44593